Gender equality and investments in adolescents in the rural Philippines (Record no. 192740)
[ view plain ]
| 000 -LEADER | |
|---|---|
| fixed length control field | 00459nam a22001577a 4500 |
| 003 - CONTROL NUMBER IDENTIFIER | |
| control field | OSt |
| 020 ## - INTERNATIONAL STANDARD BOOK NUMBER | |
| International Standard Book Number | 0-89629-111-1 |
| 082 ## - DEWEY DECIMAL CLASSIFICATION NUMBER | |
| Classification number | IFPRI/RR.108 |
| 100 ## - MAIN ENTRY--PERSONAL NAME | |
| Personal name | Bouis, Howarth E [et.al...] |
| 245 ## - TITLE STATEMENT | |
| Title | Gender equality and investments in adolescents in the rural Philippines |
| 260 ## - PUBLICATION, DISTRIBUTION, ETC. (IMPRINT) | |
| Place of publication, distribution, etc | Washington, D. C.: |
| Name of publisher, distributor, etc | International food policy research institute, |
| Date of publication, distribution, etc | c1998 |
| 300 ## - PHYSICAL DESCRIPTION | |
| Extent | 66p. |
| 440 ## - SERIES TITLE | |
| Title | Research report:108 |
| 546 ## - LANGUAGE | |
| Language note | English |
| 942 ## - ADDED ENTRY ELEMENTS (KOHA) | |
| Source of classification or shelving scheme | Dewey Decimal Classification |
| Koha item type | Report |
| Lost status | Source of classification or shelving scheme | Damaged status | Not for loan | Home library | Current library | Date acquired | Total Checkouts | Full call number | Barcode | Date last seen | Koha item type |
|---|---|---|---|---|---|---|---|---|---|---|---|
| Dewey Decimal Classification | KAU Central Library, Thrissur | KAU Central Library, Thrissur | 03/09/2019 | IFPRI/RR.108 | 207969 | 03/09/2019 | Report |
